Astrophysics (Record no. 3844)
[ view plain ]
| 000 -LEADER | |
|---|---|
| fixed length control field | 00465nam a2200169Ia 4500 |
| 003 - CONTROL NUMBER IDENTIFIER | |
| control field | IN-BaIIA |
| 008 - FIXED-LENGTH DATA ELEMENTS--GENERAL INFORMATION | |
| fixed length control field | 211028s9999 xx 000 0 eng d |
| 040 ## - CATALOGING SOURCE | |
| Transcribing agency | IIA Library |
| 080 ## - UNIVERSAL DECIMAL CLASSIFICATION NUMBER | |
| Universal Decimal Classification number | 524 |
| Item number | HYN |
| 245 #0 - TITLE STATEMENT | |
| Title | Astrophysics |
| Remainder of title | a topical symposium |
| Statement of responsibility, etc. | edited by J. A. Hynek |
| 260 ## - PUBLICATION, DISTRIBUTION, ETC. | |
| Place of publication, distribution, etc. | New York |
| Name of publisher, distributor, etc. | McGraw-Hill |
| Date of publication, distribution, etc. | 1951 |
| 300 ## - PHYSICAL DESCRIPTION | |
| Extent | xii, 703p. |
| 490 ## - SERIES STATEMENT | |
| Series statement | McGraw-Hill Astronomical Series |
| 650 ## - SUBJECT ADDED ENTRY--TOPICAL TERM | |
| Topical term or geographic name entry element | Astrophysics |
| 9 (RLIN) | 794 |
| 700 ## - ADDED ENTRY--PERSONAL NAME | |
| Personal name | Hynek, J. A., ed. |
| 9 (RLIN) | 6839 |
| 942 ## - ADDED ENTRY ELEMENTS (KOHA) | |
| Koha item type | Books |
| Withdrawn status | Lost status | Damaged status | Not for loan | Home library | Current library | Shelving location | Date acquired | Cost, normal purchase price | Total Checkouts | Full call number | Barcode | Date last seen | Cost, replacement price | Price effective from | Koha item type | Purchase Price |
|---|---|---|---|---|---|---|---|---|---|---|---|---|---|---|---|---|
| IIA Library-Bangalore | IIA Library-Bangalore | General Stacks | 16/12/1971 | 126.58 | 524/ HYN | 4295 | 05/11/2021 | 126.58 | 16/12/1971 | Books | Rs. 126.58 |